000 01925nam0a22003611 4500
001 rc\4069285
005 20260406093131.0
021 _aRU
_b[49-33444]
035 _a(NLR Aleph) 008118637
090 _a9350253
_c9350253
100 _a20130415d1949 |||y0rusy50 ca
101 0 _arus
102 _aRU
105 _ac z |||||
200 1 _aПсихопатология и психиатрия
_eИзбр. произведения
_fПод ред. и с предисл. акад. Л.А. Орбели
_g[Послесл.: чл.-кор. АМН СССР проф. Е.А. Попов. "Значение работ И.П. Павлова в области психиатрии", с. 213-32]
_gАкад. мед. наук СССР
210 _aМосква
_cИзд-во и тип. Акад. мед. наук СССР
_d1949
215 _a236 с., 1 л. портр.
_d26
225 1 _a[И.П. Павлов
_eК 100-летию со дня рождения]
300 _aНа доп. тит. л. авт.: Иван Петрович Павлов
600 1 _aПавлов
_bИ.П.
_f1849-1936
_gИван Петрович
_xРаботы в области психиатрии
_2psbo
606 _aНеврозы
_xФизиология
_2psbo
606 _aПсихиатрия
_jСборники
_2psbo
606 _aПсихопатология экспериментальная
_2psbo
606 _aПсихозы
_xФизиология
_2psbo
700 1 _8rus
_7ca
_aПавлов
_bИ. П.
_cфизиолог
_f1849-1936
_gИван Петрович
_3RU\NLR\AUTH\7764869
_947798
702 1 _aОрбели
_bЛ.А.
_4340
_4080
702 1 _4080
_7ca
_8rus
_aПопов
_bЕ. А.
_cд-р мед. наук, психиатр
_f1899-1961
_gЕвгений Алексеевич
_9266598
_3RU\NLR\AUTH\770266654
801 0 _aRU
_bNLR
_gpsbo
801 1 _aRU
_bELAR
_2rusmarc
852 _aNLR
_jМд50 Г-7/37
942 _cBOOK
980 _aNB